Knock it down or do it up? (Record no. 115989)
[ view plain ]
| 000 -LEADER | |
|---|---|
| fixed length control field | 01503cad a22003375a 4500 |
| 001 - CONTROL NUMBER | |
| control field | L159549 |
| 008 - FIXED-LENGTH DATA ELEMENTS--GENERAL INFORMATION | |
| fixed length control field | 160318s2008 xxk f 000 0 eng d |
| 020 ## - INTERNATIONAL STANDARD BOOK NUMBER | |
| International Standard Book Number | 9781848060203 |
| 035 ## - SYSTEM CONTROL NUMBER | |
| System control number | (Sirsi) u159549 |
| 041 0# - LANGUAGE CODE | |
| Language code of text/sound track or separate title | eng |
| 050 04 - LIBRARY OF CONGRESS CALL NUMBER | |
| Classification number | 690.0286 $2 18 |
| 100 1# - MAIN ENTRY--PERSONAL NAME | |
| Personal name | Plimmer, F. |
| 110 2# - MAIN ENTRY--CORPORATE NAME | |
| Corporate name or jurisdiction name as entry element | Building Research Establishment |
| 245 00 - TITLE STATEMENT | |
| Title | Knock it down or do it up? |
| Remainder of title | sustainable housebuilding |
| -- | new build and refurbishment in the Sustainable Communities Plan |
| 260 ## - PUBLICATION, DISTRIBUTION, ETC. | |
| Place of publication, distribution, etc. | Watford |
| Name of publisher, distributor, etc. | BRE |
| Date of publication, distribution, etc. | 2008 |
| 300 ## - PHYSICAL DESCRIPTION | |
| Extent | 72p. |
| 490 #0 - SERIES STATEMENT | |
| Series statement | BRE |
| Volume/sequential designation | FB 16 |
| 520 ## - SUMMARY, ETC. | |
| Summary, etc. | Demolishing existing housing stock in favour of building new homes results in loss of heritage and wastes carbon emissions embedded in otherwise sound structures, as well as breaking up existing communities. Deciding how best to regenerate run-down urban areas and create sustainable communities demands comparisons between the relative advantages of the two approaches to housing renewal: "knock it down or do it up". This report investigated the responses to this question by private and social housing developers and their professional advisers. |
| 590 ## - LOCAL NOTE (RLIN) | |
| Local note | KA |
| 650 24 - SUBJECT ADDED ENTRY--TOPICAL TERM | |
| Topical term or geographic name entry element | BUILT ENVIRONMENT-SUSTAINABLE CONSTRUCTION |
| 650 24 - SUBJECT ADDED ENTRY--TOPICAL TERM | |
| Topical term or geographic name entry element | URBAN REGENERATION |
| 650 24 - SUBJECT ADDED ENTRY--TOPICAL TERM | |
| Topical term or geographic name entry element | SUSTAINABLE COMMUNITIES |
| 651 #4 - SUBJECT ADDED ENTRY--GEOGRAPHIC NAME | |
| Geographic name | United Kingdom |
| 690 ## - LOCAL SUBJECT ADDED ENTRY--TOPICAL TERM (OCLC, RLIN) | |
| Topical term or geographic name as entry element | Sustainability |
| 9 (RLIN) | 6271 |
| 700 1# - ADDED ENTRY--PERSONAL NAME | |
| Personal name | Pottinger, G. |
| 700 1# - ADDED ENTRY--PERSONAL NAME | |
| Personal name | Harris, S. |
| 700 1# - ADDED ENTRY--PERSONAL NAME | |
| Personal name | Watters, M. |
| 700 1# - ADDED ENTRY--PERSONAL NAME | |
| Personal name | Pocock, Y. |
| 710 1# - ADDED ENTRY--CORPORATE NAME | |
| Corporate name or jurisdiction name as entry element | College of Estate Management |
| 9 (RLIN) | 400 |
| 942 ## - ADDED ENTRY ELEMENTS (KOHA) | |
| Suppress in OPAC | 0 |
| Withdrawn status | Lost status | Source of classification or shelving scheme | Damaged status | Not for loan | Home library | Current library | Shelving location | Date acquired | Total Checkouts | Full call number | Barcode | Date last seen | Copy number | Price effective from | Koha item type |
|---|---|---|---|---|---|---|---|---|---|---|---|---|---|---|---|
| Dewey Decimal Classification | London | London | BRE publications | 30/08/2017 | ENQUIRY DESK | 159549-1001 | 06/08/2019 | 1 | 06/08/2019 | Reference material |